Yalancı Tanıklar Kahvesi (Record no. 2544)

000 -LEADER
fixed length control field 00423nam a22001697a 4500
008 - FIXED-LENGTH DATA ELEMENTS--GENERAL INFORMATION
fixed length control field b xxu||||| |||| 00| | tur |
020 ## - INTERNATIONAL STANDARD BOOK NUMBER
International Standard Book Number 9786054069538
041 ## - LANGUAGE CODE
Language code of text/sound track or separate title Türkçe
050 ## - LIBRARY OF CONGRESS CALL NUMBER
Classification number PL248.T88
100 ## - MAIN ENTRY--PERSONAL NAME
9 (RLIN) 1310
Personal name Vedat Türkali
245 ## - TITLE STATEMENT
Title Yalancı Tanıklar Kahvesi
250 ## - EDITION STATEMENT
Edition statement 1. Baskı
260 ## - PUBLICATION, DISTRIBUTION, ETC.
Place of publication, distribution, etc. İstanbul
Name of publisher, distributor, etc. Turkuvaz Kitap
Date of publication, distribution, etc. Mart 2009
300 ## - PHYSICAL DESCRIPTION
Extent 407 Sayfa
650 #0 - SUBJECT ADDED ENTRY--TOPICAL TERM
9 (RLIN) 145
Topical term or geographic name entry element Türk Edebiyatı
942 ## - ADDED ENTRY ELEMENTS (KOHA)
Source of classification or shelving scheme
Koha item type Books
Holdings
Withdrawn status Lost status Source of classification or shelving scheme Damaged status Not for loan Permanent Location Current Location Shelving location Date acquired Full call number Barcode Date last seen Price effective from Koha item type
        Ödünç verilemez İmren Ahmet Tüzün Kütüphanesi İmren Ahmet Tüzün Kütüphanesi Ahmet Tüzün 2018-09-28 PL248.T88 100100002506 2018-09-28 2018-09-28 Books

This software was implemented, installed and managed by Devinim Software Training Consulting .